| 000 | 00528nam a2200181Ia 4500 | ||
|---|---|---|---|
| 999 |
_c31901 _d31901 |
||
| 003 | OSt | ||
| 005 | 20200727134205.0 | ||
| 008 | 190216s9999||||xx |||||||||||||| ||und|| | ||
| 020 | _a9788181281791 | ||
| 040 | _coclc | ||
| 082 |
_a514.2 _bROT/I |
||
| 100 |
_aRotman, Joseph J _93792 |
||
| 245 | 3 |
_aAn Introduction To Algebraic Topology / _cJoseph J Rotman |
|
| 260 |
_bSpringer - Neyook, _c2004. _aNew Delhi: |
||
| 300 | _a433p | ||
| 650 | _aMathematics | ||
| 942 |
_cBK _2ddc _h514.2 _iROT/I _k514.2 _mROT/I |
||